<?xml version="1.0" encoding="UTF-8"?>
<record
    xmlns:xsi="http://www.w3.org/2001/XMLSchema-instance"
    xsi:schemaLocation="http://www.loc.gov/MARC21/slim http://www.loc.gov/standards/marcxml/schema/MARC21slim.xsd"
    xmlns="http://www.loc.gov/MARC21/slim">

  <leader>00864nam a22002177a 4500</leader>
  <datafield tag="999" ind1=" " ind2=" ">
    <subfield code="c">7846</subfield>
    <subfield code="d">7846</subfield>
  </datafield>
  <controlfield tag="001">21321</controlfield>
  <controlfield tag="003">BD-DhUAP</controlfield>
  <controlfield tag="005">20211122112613.0</controlfield>
  <controlfield tag="008">211116b20202020bg a||||  ||| 001 0 ben d</controlfield>
  <datafield tag="020" ind1=" " ind2=" ">
    <subfield code="a">9789848179147</subfield>
  </datafield>
  <datafield tag="040" ind1=" " ind2=" ">
    <subfield code="a">BD-DhUAP</subfield>
    <subfield code="b">BD-DhUAP</subfield>
    <subfield code="c">ben</subfield>
    <subfield code="d">BD-DhUAP</subfield>
    <subfield code="e">BD-DhUAP</subfield>
  </datafield>
  <datafield tag="082" ind1=" " ind2=" ">
    <subfield code="2">23</subfield>
    <subfield code="a">954.9205092 SAR</subfield>
  </datafield>
  <datafield tag="100" ind1=" " ind2=" ">
    <subfield code="a">&#x9B8;&#x9B0;&#x995;&#x9BE;&#x9B0;, &#x9A6;&#x9BF;&#x9AC;&#x9CD;&#x9AF;&#x9A6;&#x9CD;&#x9AF;&#x9C1;&#x9A4;&#x9BF; &#x964;</subfield>
  </datafield>
  <datafield tag="245" ind1=" " ind2=" ">
    <subfield code="a">&#x9AC;&#x999;&#x9CD;&#x997;&#x9AC;&#x9A8;&#x9CD;&#x9A7;&#x9C1;&#x9B0; &#x995;&#x9BE;&#x9B0;&#x9BE;&#x99C;&#x9C0;&#x9AC;&#x9A8; /</subfield>
    <subfield code="b">&#x9A6;&#x9BF;&#x9AC;&#x9CD;&#x9AF;&#x9A6;&#x9CD;&#x9AF;&#x9C1;&#x9A4;&#x9BF; &#x9B8;&#x9B0;&#x995;&#x9BE;&#x9B0; &#x964;</subfield>
  </datafield>
  <datafield tag="250" ind1=" " ind2=" ">
    <subfield code="a">&#x9AA;&#x9CD;&#x9B0;&#x9A5;&#x9AE; &#x9AA;&#x9CD;&#x9B0;&#x995;&#x9BE;&#x9B6;.</subfield>
  </datafield>
  <datafield tag="260" ind1=" " ind2=" ">
    <subfield code="a">&#x9A2;&#x9BE;&#x995;&#x9BE; :</subfield>
    <subfield code="b">&#x9A4;&#x9BE;&#x9AE;&#x9CD;&#x9B0;&#x9B2;&#x9BF;&#x9AA;&#x9BF;,</subfield>
    <subfield code="c">&#x9E8;&#x9E6;&#x9E8;&#x9E6; &#x964;</subfield>
  </datafield>
  <datafield tag="300" ind1=" " ind2=" ">
    <subfield code="a">&#x9E7;&#x9E6;&#x9E8; &#x9AA;&#x9C3;&#x9B7;&#x9CD;&#x9A0;&#x9BE; :</subfield>
    <subfield code="b">&#x99A;&#x9BF;&#x9A4;&#x9CD;&#x9B0; ;</subfield>
    <subfield code="c">&#x9E8;&#x9E7; &#x9B8;&#x9C7;.&#x9AE;&#x9BF;. &#x964;</subfield>
  </datafield>
  <datafield tag="600" ind1=" " ind2=" ">
    <subfield code="a">Mujibur Rahman, Sheikh,</subfield>
    <subfield code="d">(1920-1975) &#x964;</subfield>
  </datafield>
  <datafield tag="650" ind1=" " ind2=" ">
    <subfield code="a">Bangladesh.</subfield>
    <subfield code="x">Politics and government</subfield>
    <subfield code="y">1975</subfield>
  </datafield>
  <datafield tag="942" ind1=" " ind2=" ">
    <subfield code="2">ddc</subfield>
    <subfield code="c">BK</subfield>
  </datafield>
  <datafield tag="952" ind1=" " ind2=" ">
    <subfield code="0">0</subfield>
    <subfield code="1">0</subfield>
    <subfield code="2">ddc</subfield>
    <subfield code="4">0</subfield>
    <subfield code="7">0</subfield>
    <subfield code="a">UAPCL</subfield>
    <subfield code="b">UAPCL</subfield>
    <subfield code="c">Reference Stacks </subfield>
    <subfield code="d">2021-11-16</subfield>
    <subfield code="o">954.9205092 SAR</subfield>
    <subfield code="p">3010021321</subfield>
    <subfield code="r">2021-11-16</subfield>
    <subfield code="t">01</subfield>
    <subfield code="v">200.00</subfield>
    <subfield code="y">REF</subfield>
  </datafield>
</record>
